Memorias de un vigilante /
Saved in:
| Format: | Book |
|---|---|
| Published: |
Buenos Aires :
Hyspamérica,
1987.
|
| Series: | Biblioteca de nuestro siglo;
|
| LEADER | 00375nam a22001217a 4500 | ||
|---|---|---|---|
| 003 | AR-BeUNQ | ||
| 005 | 20240325114655.0 | ||
| 999 | |c 36442 |d 120242 | ||
| 245 | 1 | 0 | |a Memorias de un vigilante / |c Fray Mocho. |
| 260 | |a Buenos Aires : |b Hyspamérica, |c 1987. | ||
| 490 | 1 | |a Biblioteca de nuestro siglo; | |
| 929 | |a DONACION |b Luciana Aón |d 50,00 |e 20170911 |f PAT0068085 |g 3291 |o KM |h 1 |l Estante M | ||
| 942 | |c LIB |n 0 | ||